000
00205nam a22000857a 4500
008
161207b xxu||||| |||| 00| 0 eng d
100
_9
1913
_a
Raud.E
245
_a
A Summer's Tales
260
_a
Moscow
_b
Malysh
_c
1981
999
_c
4679
_d
4679